[Event "Olomouc Chess Summer 2017 - GM"]
[Site "Olomouc (CZE)"]
[Date "2017.08.12"]
[Round "1.1"]
[White "Biolek-Jun., Richard"]
[Black "Camarena Gimenez, Rufino"]
[Result "1/2-1/2"]
[WhiteElo "2444"]
[BlackElo "2363"]
[PlyCount "63"]
[EventDate "2017.??.??"]

1. d4 d5 2. c4 dxc4 3. e3 e5 4. Bxc4 Nc6 5. d5 Nce7 6. Nf3 Ng6 7. Qb3 Bd6 8.
Bb5+ Ke7 9. h4 h5 10. Bd3 Nf6 11. Bxg6 fxg6 12. Nc3 a6 13. Qc2 Bf5 14. e4 Bd7
15. Be3 Re8 16. Nd2 Kf8 17. Nc4 Kg8 18. f3 Qe7 19. Nxd6 cxd6 20. a4 Rec8 21.
Qb3 Be8 22. a5 Bd7 23. Bg5 Rc7 24. Kd2 Rac8 25. Rhc1 Be8 26. Qa3 Rc4 27. b3
R4c7 28. Nd1 Bb5 29. Ne3 Qd7 30. Rxc7 Rxc7 31. Rc1 Nh7 32. Rxc7 1/2-1/2

[Event "Olomouc Chess Summer 2017 - GM"]
[Site "Olomouc (CZE)"]
[Date "2017.08.12"]
[Round "1.2"]
[White "Pulpan, Jakub"]
[Black "Saiyn, Zhanat"]
[Result "1/2-1/2"]
[WhiteElo "2390"]
[BlackElo "2381"]
[PlyCount "41"]
[EventDate "2017.??.??"]

1. e4 g6 2. d4 d6 3. Nc3 Bg7 4. Nf3 a6 5. Bg5 b5 6. a4 b4 7. Nd5 a5 8. Bd3 c6
9. Ne3 Nf6 10. e5 dxe5 11. dxe5 Nd5 12. Qe2 h6 13. Nxd5 hxg5 14. Ne3 g4 15. Nd2
Bxe5 16. Ndc4 Bf4 17. Nxg4 Qd4 18. Nge5 Bxe5 19. Qxe5 Qxe5+ 20. Nxe5 Be6 21.
O-O-O 1/2-1/2

[Event "Olomouc Chess Summer 2017 - GM"]
[Site "Olomouc (CZE)"]
[Date "2017.08.12"]
[Round "1.3"]
[White "Neuman, Petr"]
[Black "Yagupov, Igor"]
[Result "1/2-1/2"]
[WhiteElo "2457"]
[BlackElo "2395"]
[PlyCount "62"]
[EventDate "2017.??.??"]

1. d4 d5 2. c4 c6 3. Nf3 Nf6 4. e3 Bf5 5. Nc3 e6 6. Nh4 Be4 7. f3 Bg6 8. Qb3
Qc7 9. Bd2 Be7 10. cxd5 cxd5 11. Nxg6 hxg6 12. g3 Nc6 13. Bd3 O-O 14. O-O Na5
15. Qc2 Nc4 16. Bxc4 Qxc4 17. Rfc1 Rfc8 18. Qd1 Qd3 19. Kf2 g5 20. g4 Rc6 21.
Ne2 Rac8 22. Rxc6 Rxc6 23. Rc1 Qb5 24. Nc3 Qd3 25. Qe2 Qh7 26. Kg2 Bb4 27. Be1
a6 28. Qc2 Qxc2+ 29. Rxc2 Ne8 30. Kf1 Nc7 31. Ke2 Nb5 1/2-1/2

[Event "Olomouc Chess Summer 2017 - GM"]
[Site "Olomouc (CZE)"]
[Date "2017.08.12"]
[Round "1.4"]
[White "Cernousek, Lukas"]
[Black "Koksal, Ege"]
[Result "1/2-1/2"]
[WhiteElo "2447"]
[BlackElo "2360"]
[PlyCount "45"]
[EventDate "2017.??.??"]

1. d4 d5 2. c4 c6 3. Nf3 Nf6 4. e3 Bf5 5. Nc3 e6 6. Nh4 Be4 7. f3 Bg6 8. Qb3
Qc7 9. Bd2 Be7 10. cxd5 cxd5 11. Nxg6 hxg6 12. O-O-O Nc6 13. Kb1 O-O 14. Rc1 a6
15. Qd1 e5 16. g4 exd4 17. exd4 Qd6 18. Ne2 Rac8 19. h4 Nb4 20. Nc3 Nc6 21. Ne2
Nb4 22. Nc3 Nc6 23. Ne2 1/2-1/2

[Event "Olomouc Chess Summer 2017 - GM"]
[Site "Olomouc (CZE)"]
[Date "2017.08.12"]
[Round "1.6"]
[White "Rosner, Jonas"]
[Black "Torma, Robert"]
[Result "1/2-1/2"]
[WhiteElo "2405"]
[BlackElo "2492"]
[PlyCount "39"]
[EventDate "2017.??.??"]

1. e4 e6 2. d4 d5 3. Bd3 dxe4 4. Bxe4 Nf6 5. Bf3 c5 6. Ne2 Nc6 7. Be3 cxd4 8.
Nxd4 Nxd4 9. Qxd4 Qa5+ 10. Qd2 Bb4 11. c3 Be7 12. c4 Qc7 13. O-O O-O 14. Qe2
Bd7 15. Nc3 Bc6 16. b3 a6 17. Rac1 Rac8 18. Rfd1 Qa5 19. Bd4 Rfd8 20. h3
1/2-1/2

[Event "Olomouc Chess Summer 2017 - IM 1"]
[Site "Olomouc (CZE)"]
[Date "2017.08.12"]
[Round "1.1"]
[White "Nagy, Gabor"]
[Black "Mukashev, Assan"]
[Result "1/2-1/2"]
[WhiteElo "2472"]
[BlackElo "2199"]
[PlyCount "49"]
[EventDate "2017.??.??"]

1. Nf3 Nf6 2. c4 c6 3. g3 g6 4. b3 Bg7 5. Bg2 O-O 6. O-O Ne4 7. d4 d5 8. Bb2
Be6 9. Nbd2 Nxd2 10. Nxd2 c5 11. Nf3 dxc4 12. bxc4 Qb6 13. Rb1 Rd8 14. Qc2 Nc6
15. Bc3 Qa6 16. d5 Bf5 17. e4 Qxc4 18. exf5 Nb4 19. Qa4 Qxc3 20. Ng5 Qf6 21.
Ne4 Qxf5 22. Nxc5 Nxd5 23. Nxb7 Nc3 24. Nxd8 Rxd8 25. Qxa7 1/2-1/2

[Event "Olomouc Chess Summer 2017 - IM 1"]
[Site "Olomouc (CZE)"]
[Date "2017.08.12"]
[Round "1.2"]
[White "Chetverik, Maxim"]
[Black "Hoefelsauer, Thomas"]
[Result "1-0"]
[WhiteElo "2250"]
[BlackElo "2357"]
[PlyCount "73"]
[EventDate "2017.??.??"]

1. d4 Nf6 2. c4 c5 3. d5 b5 4. cxb5 a6 5. Nc3 axb5 6. e4 b4 7. Nb5 d6 8. a4
bxa3 9. Rxa3 Rxa3 10. bxa3 Bd7 11. Qa4 g6 12. Qa7 Bg7 13. Nc7+ Kf8 14. Bd3 Ne8
15. Nxe8 Qxe8 16. Ne2 Bb5 17. Bxb5 Qxb5 18. O-O h5 19. a4 Qb4 20. Bd2 Qb2 21.
Bc1 Qb4 22. Bg5 f6 23. Be3 Kf7 24. e5 fxe5 25. f4 e4 26. f5 Bf6 27. fxg6+ Kxg6
28. Nf4+ Kf7 29. Ne6 Rg8 30. g3 Qc4 31. Bg5 Rxg5 32. Nxg5+ Kg6 33. Ne6 Bd4+ 34.
Nxd4 Qxd4+ 35. Kg2 Qd2+ 36. Kh3 Qe2 37. Rf4 1-0

[Event "Olomouc Chess Summer 2017 - IM 1"]
[Site "Olomouc (CZE)"]
[Date "2017.08.12"]
[Round "1.3"]
[White "Karayev, Kanan"]
[Black "Brhel, Jan"]
[Result "1-0"]
[WhiteElo "2228"]
[BlackElo "2113"]
[PlyCount "69"]
[EventDate "2017.??.??"]

1. e4 e6 2. d4 d5 3. Nd2 Nf6 4. e5 Nfd7 5. Bd3 c5 6. c3 Nc6 7. Ne2 cxd4 8. cxd4
f6 9. exf6 Nxf6 10. Nf3 Bd6 11. O-O O-O 12. Bg5 Qc7 13. Bh4 Nh5 14. Qc2 h6 15.
Bh7+ Kh8 16. Bg6 Nf4 17. Nxf4 Rxf4 18. Bg3 Rf6 19. Rac1 Bxg3 20. hxg3 Qb6 21.
Ne5 Ne7 22. Bd3 Qxd4 23. Qc7 Kg8 24. Qxe7 Qxe5 25. Qe8+ Rf8 26. Bh7+ Kxh7 27.
Qxf8 Qb8 28. Qf7 Qe5 29. Qe8 Qb8 30. Qe7 Qe5 31. Qe8 Qb8 32. Rfe1 b5 33. Qf7
Qb6 34. Rc7 Qd4 35. Rec1 1-0

[Event "Olomouc Chess Summer 2017 - IM 1"]
[Site "Olomouc (CZE)"]
[Date "2017.08.12"]
[Round "1.5"]
[White "Szotkowski, Jakub"]
[Black "Kulkarni, Bhakti"]
[Result "1-0"]
[WhiteElo "2374"]
[BlackElo "2291"]
[PlyCount "109"]
[EventDate "2017.??.??"]

1. d4 d5 2. c4 c6 3. Nf3 Nf6 4. e3 e6 5. b3 Bd6 6. Nbd2 Nbd7 7. Bb2 O-O 8. Bd3
b6 9. O-O Qc7 10. Rc1 Bb7 11. Qc2 Rac8 12. Qb1 Qb8 13. h3 h6 14. Qa1 Bc7 15.
Rfd1 Rfe8 16. Ne5 Nxe5 17. dxe5 Nd7 18. f4 c5 19. Qb1 Qa8 20. Kh2 Rcd8 21. cxd5
exd5 22. g3 Bc6 23. Qc2 b5 24. b4 c4 25. Bd4 a5 26. a3 axb4 27. axb4 Qb7 28.
Bh7+ Kh8 29. Ra1 Ra8 30. Bf5 Nf8 31. Qc3 Ne6 32. Nf3 Kg8 33. Bc2 Bb6 34. f5 Nf8
35. Rxa8 Rxa8 36. Ra1 Bc7 37. Rxa8 Qxa8 38. Kg2 Bb7 39. Kf2 Qa6 40. g4 Nd7 41.
Ke2 Qc6 42. h4 Nb8 43. g5 h5 44. Ne1 Na6 45. Ng2 Bd8 46. f6 g6 47. Nf4 Bc8 48.
Qb2 Bg4+ 49. Kf2 Qd7 50. Qb1 Bf5 51. Bxf5 gxf5 52. g6 Nc7 53. Qg1 fxg6 54.
Qxg6+ Kh8 55. e6 1-0

[Event "Olomouc Chess Summer 2017 - IM 2"]
[Site "Olomouc (CZE)"]
[Date "2017.08.12"]
[Round "1.1"]
[White "Tymrakiewicz, Rafal"]
[Black "Burnett, Andrew"]
[Result "1/2-1/2"]
[WhiteElo "2188"]
[BlackElo "2209"]
[PlyCount "120"]
[EventDate "2017.??.??"]

1. d4 Nf6 2. Nf3 g6 3. Bg5 Bg7 4. e3 O-O 5. Nbd2 b6 6. Bc4 Bb7 7. c3 d6 8. h3
Nbd7 9. Qe2 h6 10. Bh4 e5 11. Ba6 Qc8 12. Bxb7 Qxb7 13. O-O e4 14. Ne1 Rae8 15.
Bxf6 Nxf6 16. Nc2 d5 17. a4 Nh7 18. a5 bxa5 19. b4 axb4 20. cxb4 f5 21. Qa6 Qb6
22. Qxa7 Qf6 23. Qc5 Rd8 24. Ra7 f4 25. exf4 Qxf4 26. Ne3 Qd6 27. Rc1 Qxc5 28.
dxc5 h5 29. Rxc7 Bh6 30. Re1 d4 31. Nec4 e3 32. fxe3 dxe3 33. Ne4 Rd4 34. Ned6
Bf4 35. Re7 Bg3 36. R7xe3 Bf2+ 37. Kh2 Nf6 38. c6 Nd5 39. Re4 Rd3 40. Rf1 Bg3+
41. Kg1 Nc3 42. Re8 Ne2+ 43. Kh1 Rxe8 44. Nxe8 Rc3 45. Nd2 Rxc6 46. Ne4 Rc4 47.
N8f6+ Kg7 48. Rd1 Rxb4 49. Rd7+ Kf8 50. Nh7+ Kg8 51. Nhf6+ Kf8 52. Nh7+ Kg8 53.
Nhf6+ Kf8 54. Nh7+ Kg8 55. Nhf6+ Kf8 56. Nh7+ Kg8 57. Nhf6+ Kf8 58. Nh7+ Kg8
59. Nhf6+ Kf8 60. Nh7+ Kg8 1/2-1/2

[Event "Olomouc Chess Summer 2017 - IM 2"]
[Site "Olomouc (CZE)"]
[Date "2017.08.12"]
[Round "1.3"]
[White "Galyas, Miklos"]
[Black "Mammadova, Narmin"]
[Result "1-0"]
[WhiteElo "2486"]
[BlackElo "2277"]
[PlyCount "87"]
[EventDate "2017.??.??"]

1. d4 d5 2. Bf4 Nf6 3. e3 c5 4. c3 Nc6 5. Nd2 cxd4 6. exd4 g6 7. Ngf3 Bg7 8. h3
O-O 9. Be2 a6 10. O-O Nd7 11. Re1 b6 12. Nf1 Bb7 13. Ne3 Nf6 14. Ne5 Nxe5 15.
Bxe5 Ne4 16. Bxg7 Kxg7 17. Ng4 f5 18. Ne5 Qd6 19. Bd3 Rac8 20. a4 a5 21. Qe2
Rc7 22. Ra3 Rf6 23. Raa1 Rf8 24. Qc2 Qf6 25. Re2 Rd8 26. Rae1 Rd6 27. Qc1 Qh4
28. Nf3 Qf6 29. Qf4 Bc6 30. Ne5 Bxa4 31. h4 Qf8 32. f3 Nf6 33. g4 fxg4 34. fxg4
Nd7 35. Nxg6 Qxf4 36. Nxf4 Nf8 37. Rxe7+ Rxe7 38. Rxe7+ Kg8 39. Nxd5 Bb3 40.
Ne3 Be6 41. Nf5 Bxf5 42. Bxf5 Rf6 43. Kg2 h5 44. Kg3 1-0

[Event "Olomouc Chess Summer 2017 - IM 2"]
[Site "Olomouc (CZE)"]
[Date "2017.08.12"]
[Round "1.4"]
[White "Olsarova, Karolina"]
[Black "Leeb, Simon"]
[Result "1-0"]
[WhiteElo "2283"]
[BlackElo "2207"]
[PlyCount "79"]
[EventDate "2017.??.??"]

1. e4 g6 2. d4 Bg7 3. Nc3 c6 4. f4 d5 5. e5 h5 6. Nf3 Nh6 7. Be3 Bg4 8. h3 Bxf3
9. Qxf3 Nf5 10. Bf2 h4 11. Bd3 e6 12. Ne2 Nd7 13. O-O Qe7 14. b3 f6 15. c4 Nb6
16. Rac1 a5 17. Nc3 O-O-O 18. Rfd1 dxc4 19. Be4 fxe5 20. dxe5 Nd5 21. bxc4 Nxc3
22. Qxc3 Qb4 23. Qc2 Bh6 24. Rxd8+ Rxd8 25. Rb1 Rd2 26. Qc1 Bxf4 27. Rxb4 Rxf2
28. Qe1 Be3 29. Rb3 Re2+ 30. Rxe3 Rxe3 31. Qb1 Ng3 32. Bf3 Nf5 33. Qb2 Rd3 34.
Qc2 Re3 35. Kf2 Rxe5 36. Qc3 Rc5 37. Qf6 Kd7 38. Qf7+ Kd6 39. Qf8+ Ne7 40. Qd8+
1-0

[Event "Olomouc Chess Summer 2017 - IM 2"]
[Site "Olomouc (CZE)"]
[Date "2017.08.12"]
[Round "1.5"]
[White "Nitish, Belurkar"]
[Black "Pranav, Anand"]
[Result "1/2-1/2"]
[WhiteElo "2269"]
[BlackElo "2155"]
[PlyCount "113"]
[EventDate "2017.??.??"]

1. e4 e5 2. Nf3 Nc6 3. Bb5 a6 4. Bxc6 dxc6 5. O-O Bg4 6. h3 h5 7. d3 Qf6 8.
Nbd2 g5 9. Nc4 Bxf3 10. Qxf3 Qxf3 11. gxf3 f6 12. h4 gxh4 13. f4 exf4 14. Bxf4
Kd7 15. Kg2 Bh6 16. Bh2 b5 17. Na5 Ne7 18. Nb3 Rag8+ 19. Kh3 Kc8 20. Nc5 a5 21.
a4 b4 22. Rg1 Ng6 23. Nb3 Ne5 24. Rxg8+ Rxg8 25. Bxe5 fxe5 26. Nxa5 Rf8 27.
Nxc6 Rxf2 28. a5 Bf4 29. Rh1 Rxc2 30. Nxb4 Rxb2 31. Nd5 Bg3 32. Ne7+ Kb7 33.
Nf5 Rd2 34. Nxg3 hxg3 35. Kxg3 Rxd3+ 36. Kf2 Rd4 37. Ke3 Ra4 38. Rxh5 Rxa5 39.
Rh6 c6 40. Rh7+ Kb6 41. Re7 Rc5 42. Kd3 Kb5 43. Rb7+ Ka4 44. Rb6 Rc1 45. Kd2
Rc4 46. Kd3 Rd4+ 47. Ke3 Rd6 48. Kf3 Rf6+ 49. Ke3 Ka5 50. Rb8 Re6 51. Kd3 Rd6+
52. Kc4 Rd4+ 53. Kc5 Ka4 54. Kxc6 Rxe4 55. Kd5 Re1 56. Re8 Rd1+ 57. Ke4 1/2-1/2

[Event "Olomouc Chess Summer 2017 - open"]
[Site "Olomouc (CZE)"]
[Date "2017.08.12"]
[Round "1.1"]
[White "Ochman, Tomas"]
[Black "Nasanjargal, Urtnasan"]
[Result "0-1"]
[WhiteElo "1853"]
[BlackElo "2419"]
[PlyCount "56"]
[EventDate "2017.??.??"]

1. Nf3 Nf6 2. c4 g6 3. d4 Bg7 4. Nc3 O-O 5. e4 d6 6. Be2 e5 7. d5 a5 8. O-O Na6
9. Qc2 Nc5 10. Be3 Ng4 11. Bxc5 dxc5 12. Na4 b6 13. h3 Nh6 14. Rad1 f6 15. Nc3
Nf7 16. Nh2 Nd6 17. f4 exf4 18. Rxf4 f5 19. exf5 Nxf5 20. Qd3 Bd4+ 21. Kh1 Ne3
22. Rxf8+ Qxf8 23. Rb1 Bf5 24. Ne4 Re8 25. Bf3 Qe7 26. Re1 Bxe4 27. Bxe4 Qxe4
28. Qe2 Ng4 0-1

[Event "Olomouc Chess Summer 2017 - open"]
[Site "Olomouc (CZE)"]
[Date "2017.08.12"]
[Round "1.2"]
[White "Stigar, Petter"]
[Black "Stepan, Petr"]
[Result "1-0"]
[WhiteElo "2236"]
[BlackElo "1849"]
[PlyCount "71"]
[EventDate "2017.??.??"]

1. Nf3 d5 2. d4 Nf6 3. Bf4 e6 4. e3 c5 5. c3 Nc6 6. Nbd2 cxd4 7. exd4 Be7 8.
Bd3 Nh5 9. Be3 Nf6 10. O-O Bd6 11. Re1 O-O 12. Bg5 Qc7 13. Qe2 Nd7 14. c4 Nb4
15. c5 Bf4 16. Bxf4 Qxf4 17. a3 Nxd3 18. Qxd3 f6 19. b4 Re8 20. Rac1 Nf8 21.
Nb1 Bd7 22. Nc3 Qc7 23. Nd2 a6 24. g3 Ng6 25. Nf1 Kh8 26. Ne3 Ne7 27. Re2 Nc8
28. Rce1 Na7 29. Ng2 g5 30. f4 Rg8 31. f5 Nb5 32. fxe6 Nxc3 33. Qxc3 Bb5 34.
Rf2 Qe7 35. Ne3 Qxe6 36. Nf5 1-0

[Event "Olomouc Chess Summer 2017 - open"]
[Site "Olomouc (CZE)"]
[Date "2017.08.12"]
[Round "1.3"]
[White "Simacek, Vaclav"]
[Black "Mitchell, Martin"]
[Result "0-1"]
[WhiteElo "1836"]
[BlackElo "2228"]
[PlyCount "64"]
[EventDate "2017.??.??"]

1. e4 d6 2. d4 Nf6 3. Nc3 g6 4. Nf3 Bg7 5. Bc4 O-O 6. O-O Nxe4 7. Nxe4 d5 8.
Bd3 dxe4 9. Bxe4 Nd7 10. c3 c5 11. Be3 cxd4 12. Bxd4 e5 13. Be3 Qc7 14. Qc2 Nc5
15. Rad1 Nxe4 16. Qxe4 Be6 17. b3 Bf5 18. Qh4 Qxc3 19. g4 Bd3 20. Rc1 Qa5 21.
Rfe1 Qd5 22. Nd2 Qd7 23. f3 Rfc8 24. Ne4 Bxe4 25. fxe4 Rxc1 26. Bxc1 Rc8 27. h3
Rc2 28. a3 Qd3 29. Be3 Bf8 30. Bxa7 Qf3 31. Bf2 Bc5 32. Rf1 Bxf2+ 0-1

[Event "Olomouc Chess Summer 2017 - open"]
[Site "Olomouc (CZE)"]
[Date "2017.08.12"]
[Round "1.4"]
[White "Houska, Jiri"]
[Black "Burda, Josef"]
[Result "1-0"]
[WhiteElo "2202"]
[BlackElo "1832"]
[PlyCount "47"]
[EventDate "2017.??.??"]

1. d4 Nf6 2. Nf3 d5 3. c4 c6 4. Nc3 Bf5 5. cxd5 cxd5 6. Qb3 b6 7. Bf4 a6 8. e3
e6 9. Bxb8 Qxb8 10. Bxa6 Bd6 11. Bb5+ Ke7 12. h3 Ne4 13. O-O g5 14. Nxe4 dxe4
15. Nd2 g4 16. hxg4 Bxg4 17. Nxe4 Bh2+ 18. Kh1 f5 19. Ng5 Kf6 20. f4 Bg3 21.
Qxe6+ Kg7 22. Qf7+ Kh6 23. Qf6+ Kh5 24. Bc4 1-0

[Event "Olomouc Chess Summer 2017 - open"]
[Site "Olomouc (CZE)"]
[Date "2017.08.12"]
[Round "1.5"]
[White "Hapke, Ralf"]
[Black "Dvorak, Martin"]
[Result "1/2-1/2"]
[WhiteElo "1828"]
[BlackElo "2197"]
[PlyCount "35"]
[EventDate "2017.??.??"]

1. e4 Nf6 2. e5 Nd5 3. c4 Nb6 4. d4 d6 5. exd6 cxd6 6. d5 g6 7. Qd4 Rg8 8. Nc3
N8d7 9. a4 Nc5 10. Ra3 a5 11. Qh4 h5 12. Be2 Bg7 13. Nf3 Qd7 14. Nd4 Kf8 15.
Ndb5 Qf5 16. Nxd6 Qc2 17. O-O Bd7 18. Qf4 1/2-1/2

[Event "Olomouc Chess Summer 2017 - open"]
[Site "Olomouc (CZE)"]
[Date "2017.08.12"]
[Round "1.6"]
[White "Hoerr, Matthias"]
[Black "Kolmas, Oldrich"]
[Result "1-0"]
[WhiteElo "2196"]
[BlackElo "1813"]
[PlyCount "147"]
[EventDate "2017.??.??"]

1. e4 e5 2. Nc3 Nf6 3. g3 Nc6 4. Bg2 Bc5 5. Nge2 O-O 6. d3 a6 7. O-O d6 8. h3
Be6 9. Nd5 Nd7 10. Kh2 Ne7 11. f4 Bxd5 12. exd5 Nf5 13. fxe5 Ne3 14. Bxe3 Bxe3
15. exd6 cxd6 16. Nf4 Nf6 17. Qf3 Bxf4 18. Qxf4 Re8 19. g4 Re7 20. Rae1 Qc7 21.
g5 Nh5 22. Qh4 g6 23. Rxe7 Qxe7 24. Re1 Qc7 25. Re2 Ng7 26. Qe1 Nf5 27. c3 Qd8
28. Qd2 Qf8 29. Be4 Ng7 30. Rf2 Qe7 31. Qf4 Nh5 32. Qg4 Re8 33. Kg2 Qe5 34. h4
Rf8 35. d4 Qe7 36. Bd3 Qe3 37. Qf3 Qe7 38. Re2 Qd7 39. c4 Qc7 40. Qe4 Qc8 41.
Kh2 Qc7 42. b3 Ng7 43. Qe7 Qc8 44. Qxd6 Qg4 45. Re4 Qd1 46. Be2 Qc2 47. Qf4 Nf5
48. c5 Nxd4 49. Qg4 Nxe2 50. Qxe2 Qxc5 51. Re5 Qd6 52. Kg2 Rd8 53. Qe4 Qa3 54.
Re8+ Rxe8 55. Qxe8+ Kg7 56. Qe5+ Kg8 57. Qb8+ Kg7 58. Qxb7 Qb2+ 59. Kf3 Qc3+
60. Ke2 Qc2+ 61. Ke3 Qc3+ 62. Ke4 Qc2+ 63. Kd4 Qxa2 64. Kc5 Qf2+ 65. Kc6 Qc2+
66. Kd7 Qf5+ 67. Kd8 Qe5 68. Kd7 Qf5+ 69. Kc7 Qc2+ 70. Qc6 Qxb3 71. d6 Qe6 72.
Qc3+ Kg8 73. d7 Qe7 74. Qd4 1-0

[Event "Olomouc Chess Summer 2017 - open"]
[Site "Olomouc (CZE)"]
[Date "2017.08.12"]
[Round "1.7"]
[White "Pop, Tomas"]
[Black "Steiner, Bruno"]
[Result "0-1"]
[WhiteElo "1805"]
[BlackElo "2185"]
[PlyCount "56"]
[EventDate "2017.??.??"]

1. d4 d5 2. c4 e6 3. Nc3 Nf6 4. cxd5 exd5 5. Bg5 c6 6. Qc2 Be7 7. e3 Bg4 8. Bd3
Nbd7 9. Nge2 h6 10. Bh4 Nh5 11. Bxe7 Qxe7 12. O-O O-O 13. Rab1 a5 14. Na4 Rfe8
15. Rfc1 Qg5 16. Ng3 Nxg3 17. hxg3 h5 18. Nc5 Nxc5 19. Qxc5 h4 20. Qd6 hxg3 21.
Qxg3 Re6 22. Be2 f5 23. Bxg4 fxg4 24. Kf1 Rf8 25. Ke2 Qf5 26. f3 gxf3+ 27. Qxf3
Qg5 28. Qh3 Rh6 0-1

[Event "Olomouc Chess Summer 2017 - open"]
[Site "Olomouc (CZE)"]
[Date "2017.08.12"]
[Round "1.8"]
[White "Baasansuren, Erdene"]
[Black "Srimathi, R."]
[Result "1-0"]
[WhiteElo "2169"]
[BlackElo "1803"]
[PlyCount "117"]
[EventDate "2017.??.??"]

1. d4 Nf6 2. c4 e6 3. g3 d5 4. Nf3 Bb4+ 5. Bd2 Bd6 6. Bg2 O-O 7. O-O c6 8. Qc2
Nbd7 9. b3 Ne4 10. Nc3 Nxd2 11. Nxd2 f5 12. a3 Nf6 13. e3 b6 14. b4 Bb7 15. b5
cxb5 16. Nxb5 Ne4 17. Rfc1 Bc6 18. Nxd6 Nxd2 19. cxd5 Bxd5 20. Bxd5 exd5 21.
Qc6 Rf6 22. Qxd5+ Kf8 23. Rc7 Qxc7 24. Qxa8+ Ke7 25. Nb5 Qc6 26. Qxa7+ Kf8 27.
Qb8+ Kf7 28. Qc7+ Qxc7 29. Nxc7 Rc6 30. Nd5 Ne4 31. Ra2 Rd6 32. Nb4 Nc3 33. Rc2
Nd5 34. Nxd5 Rxd5 35. Rc7+ Kf8 36. Rb7 Ra5 37. Rxb6 Rxa3 38. Rb5 g6 39. Rb7 Kg8
40. Kg2 Rd3 41. h3 Rd1 42. Rd7 Rd3 43. Kf3 Ra3 44. g4 fxg4+ 45. hxg4 Rd3 46. g5
Ra3 47. Kf4 Ra5 48. e4 Ra8 49. f3 Rf8+ 50. Ke3 Ra8 51. d5 Ra3+ 52. Kf4 Ra8 53.
Re7 Rf8+ 54. Ke3 Ra8 55. d6 Rd8 56. d7 Kf8 57. Rxh7 Kg8 58. Re7 Kf8 59. Re8+
1-0

[Event "Olomouc Chess Summer 2017 - open"]
[Site "Olomouc (CZE)"]
[Date "2017.08.12"]
[Round "1"]
[White "Bordes Guasch, Juan Roman"]
[Black "Zvolanek, Libor"]
[Result "1/2-1/2"]
[WhiteElo "1793"]
[BlackElo "2167"]
[PlyCount "49"]
[EventDate "2017.??.??"]

1. e4 d6 2. Nf3 Nf6 3. Nc3 g6 4. d4 Bg7 5. h3 O-O 6. Be3 a6 7. Qd2 b5 8. a3 Bb7
9. Bd3 Nbd7 10. b4 c5 11. bxc5 dxc5 12. e5 cxd4 13. Bxd4 Nh5 14. Be4 Bxe4 15.
Nxe4 Qc7 16. g4 Qc6 17. Qe3 f5 18. Neg5 fxg4 19. hxg4 Nf4 20. Qb3+ e6 21. Rxh7
Rac8 22. O-O-O Ne2+ 23. Kb1 Rxf3 24. Rxg7+ Kxg7 25. Nxf3 1/2-1/2

[Event "Olomouc Chess Summer 2017 - open"]
[Site "Olomouc (CZE)"]
[Date "2017.08.12"]
[Round "1"]
[White "Leite Oralova, Catarina"]
[Black "Cibikova, Sofia Anna"]
[Result "1-0"]
[WhiteElo "2164"]
[BlackElo "1792"]
[PlyCount "35"]
[EventDate "2017.??.??"]

1. e4 c5 2. Nc3 Nc6 3. g3 g6 4. Bg2 Bg7 5. d3 Nf6 6. Be3 d6 7. h3 Nd4 8. Qd2
Bd7 9. Nd1 Qb6 10. c3 Nc6 11. Ne2 e5 12. O-O Qc7 13. Bh6 O-O 14. Bxg7 Kxg7 15.
Ne3 b5 16. f4 Rac8 17. fxe5 dxe5 18. Rxf6 1-0

[Event "Olomouc Chess Summer 2017 - open"]
[Site "Olomouc (CZE)"]
[Date "2017.08.12"]
[Round "1"]
[White "Zhuk, Kirill"]
[Black "Kula, Dominik"]
[Result "0-1"]
[WhiteElo "1778"]
[BlackElo "2153"]
[PlyCount "78"]
[EventDate "2017.??.??"]

1. e4 c5 2. Nf3 d6 3. d4 cxd4 4. Nxd4 Nf6 5. Nc3 a6 6. Be3 e5 7. Nb3 Be7 8. f3
Be6 9. Qd2 O-O 10. O-O-O a5 11. Kb1 a4 12. Nc1 Ra5 13. Qf2 Nbd7 14. g4 d5 15.
g5 d4 16. gxf6 Bxf6 17. Bd2 dxc3 18. Bxc3 Ra8 19. a3 Qc7 20. Nd3 Rfc8 21. Qg3
b5 22. Nb4 Nb6 23. Bh3 Nc4 24. Nd5 Bxd5 25. Rxd5 Nxa3+ 26. bxa3 Qxc3 27. Bxc8
Rxc8 28. Qf2 Qxa3 29. Rxb5 Be7 30. Rd1 Qc3 31. Rd3 Qc4 32. Rb2 h6 33. Qb6 a3
34. Ra2 Rc5 35. Qb8+ Kh7 36. Qa8 Rb5+ 37. Ka1 Qb4 38. Qg8+ Kxg8 39. Rd8+ Bxd8
0-1

[Event "Olomouc Chess Summer 2017 - open"]
[Site "Olomouc (CZE)"]
[Date "2017.08.12"]
[Round "1"]
[White "Schmid, Thomas"]
[Black "Mendia Rezola, Jokin"]
[Result "1-0"]
[WhiteElo "2127"]
[BlackElo "1760"]
[PlyCount "101"]
[EventDate "2017.??.??"]

1. e4 e5 2. Nf3 Nc6 3. Bb5 f5 4. d3 fxe4 5. dxe4 Nf6 6. Nc3 d6 7. O-O Be7 8.
Qd3 Bg4 9. h3 Bxf3 10. Qxf3 O-O 11. Qd1 Kh8 12. Be3 Rb8 13. a4 a6 14. Bc4 Qe8
15. Be2 Nb4 16. Bf3 Qg6 17. Rc1 c6 18. Bb6 Rbc8 19. Qe2 d5 20. Ba5 Bd6 21. Rcd1
d4 22. Nb1 c5 23. Na3 Nd7 24. Bg4 Qf7 25. Nc4 Bb8 26. Bxd7 Qxd7 27. Bxb4 cxb4
28. Nb6 Qc6 29. Nxc8 Rxc8 30. b3 Ba7 31. Rd2 g5 32. Qg4 h6 33. Rfd1 Bb8 34. g3
Rf8 35. Kg2 Ba7 36. Qe2 Rc8 37. Rh1 Bc5 38. Rd3 Be7 39. Rc1 Kg7 40. Qg4 Rf8 41.
h4 Kh7 42. Rf3 Rxf3 43. Qxf3 Kg7 44. Qf5 Bf6 45. hxg5 hxg5 46. Rh1 b5 47. Rh7+
Kf8 48. axb5 axb5 49. Rh6 Ke7 50. Qh7+ Ke6 51. Rxf6+ 1-0

[Event "Olomouc Chess Summer 2017 - open"]
[Site "Olomouc (CZE)"]
[Date "2017.08.12"]
[Round "1"]
[White "Blazek, Pavel"]
[Black "Lushnikov, Evgeny"]
[Result "0-1"]
[WhiteElo "1749"]
[BlackElo "2121"]
[PlyCount "64"]
[EventDate "2017.??.??"]

1. e4 c5 2. Nf3 Nc6 3. d4 cxd4 4. Nxd4 Nf6 5. Nc3 e5 6. Ndb5 d6 7. Nd5 Nxd5 8.
exd5 Nb8 9. c4 Be7 10. Be2 O-O 11. O-O Nd7 12. Be3 a6 13. Nc3 f5 14. f4 Bf6 15.
Qd2 exf4 16. Bxf4 Ne5 17. Rac1 Bd7 18. b4 Rc8 19. Kh1 g5 20. Bxe5 Bxe5 21. Nd1
Qf6 22. Rf3 g4 23. Rb3 f4 24. c5 g3 25. Rc4 Qh4 26. Rxg3+ Kh8 27. Ra3 Rf6 28.
c6 bxc6 29. dxc6 Rxc6 30. Rxc6 f3 31. h3 Qg3 32. Rxf3 Qh2# 0-1

[Event "Olomouc Chess Summer 2017 - open"]
[Site "Olomouc (CZE)"]
[Date "2017.08.12"]
[Round "1"]
[White "Fogel, Pierre"]
[Black "Thrish, Karthik"]
[Result "1-0"]
[WhiteElo "2106"]
[BlackElo "1746"]
[PlyCount "139"]
[EventDate "2017.??.??"]

1. Nf3 g6 2. d4 Nf6 3. c4 Bg7 4. Nc3 O-O 5. g3 d6 6. Bg2 Nbd7 7. O-O e5 8. e4
c6 9. h3 Qb6 10. d5 cxd5 11. cxd5 Nc5 12. Qe2 Bd7 13. Be3 Rfc8 14. Rfc1 Qa6 15.
Qxa6 Nxa6 16. Nd2 Nc5 17. Bf1 Ne8 18. b4 Na6 19. a3 Nac7 20. f3 f5 21. g4 f4
22. Bf2 g5 23. Bd3 Bf6 24. Nb3 b6 25. a4 Bd8 26. Kf1 Nf6 27. Ke1 Kf8 28. Kd2
Nce8 29. b5 h5 30. Be2 h4 31. a5 Ke7 32. Ra2 Rab8 33. axb6 Bxb6 34. Bxb6 axb6
35. Ra6 Nc7 36. Ra7 Kd8 37. Rca1 Ra8 38. Rxa8 Rxa8 39. Rxa8+ Nxa8 40. Kd3 Ne8
41. Kc4 Nec7 42. Na1 Kc8 43. Nc2 Be8 44. Nb4 Kb8 45. Nc6+ Bxc6 46. dxc6 Kc8 47.
Nd5 Kd8 48. Nc3 Ke7 49. Kb4 Ke8 50. Bc4 Kf8 51. Na4 Kg7 52. Be2 Kf8 53. Bc4 Kg7
54. Bb3 Kf8 55. Nb2 Ne8 56. Be6 Nac7 57. Bd5 Ke7 58. Nc4 Na8 59. Nb2 Nac7 60.
Bg8 Kf8 61. Bh7 Ne6 62. Nc4 Ke7 63. Bf5 Nd4 64. Bc8 Nxf3 65. Bb7 Nc7 66. Nxb6
Nd4 67. Nd5+ Kd8 68. b6 Nxc6+ 69. Bxc6 Nxd5+ 70. Bxd5 1-0

[Event "Olomouc Chess Summer 2017 - open"]
[Site "Olomouc (CZE)"]
[Date "2017.08.12"]
[Round "1"]
[White "Macek, Oldrich"]
[Black "Valenta, Vit"]
[Result "0-1"]
[WhiteElo "1729"]
[BlackElo "2086"]
[PlyCount "62"]
[EventDate "2017.??.??"]

1. e4 c5 2. Nf3 d6 3. d4 cxd4 4. Nxd4 Nf6 5. Nc3 a6 6. Bg5 Qb6 7. Nb3 Nbd7 8.
Qd2 Qc7 9. O-O-O b5 10. f3 Bb7 11. Bd3 Rc8 12. Rhe1 e6 13. Qf2 Be7 14. h3 b4
15. Ne2 Nxe4 16. fxe4 Bxg5+ 17. Kb1 O-O 18. h4 Bf6 19. Nf4 Be5 20. Ne2 a5 21.
Nbd4 Qb6 22. Rf1 Nf6 23. Nf3 Qxf2 24. Rxf2 Ng4 25. Rff1 Ne3 26. Nxe5 dxe5 27.
Rde1 Nxf1 28. Rxf1 f5 29. exf5 e4 30. Bb5 Rxf5 31. Rxf5 exf5 0-1